| 000 | 00739nam a22002537a 4500 | ||
|---|---|---|---|
| 003 | 0 | ||
| 005 | 20180801105356.0 | ||
| 008 | 0 | ||
| 010 | _aB-227269 | ||
| 020 |
_c795.00 _a8180520854 |
||
| 035 | _aB-227269, B-227271 | ||
| 037 | _bCen Lib/Ret | ||
| 040 |
_aDPL _bEN _c0 |
||
| 082 |
_a025.04 _bARM |
||
| 100 |
_aArms, William _911761 |
||
| 245 |
_aDigital libraries / _cby William Arms |
||
| 260 |
_aNew Delhi _bAne Books _c2005 |
||
| 270 |
_a4821 Parwana Bhawan 24 Aansari road Darya Ganj _bNew Delhi _e110002 |
||
| 300 |
_ax, 287p. _c22cm(Hb) |
||
| 500 | _aincludes glossary and index | ||
| 650 |
_aDigital libraries _9218 |
||
| 650 |
_aLibraries--Special collections _911762 |
||
| 942 |
_2ddc _cEN _h025.04 _mARM |
||
| 999 |
_c124728 _d124728 |
||